| 000 | 00483nam a2200181Ia 4500 | ||
|---|---|---|---|
| 999 |
_c35417 _d35417 |
||
| 003 | OSt | ||
| 005 | 20201216105325.0 | ||
| 008 | 190216s9999||||xx |||||||||||||| ||und|| | ||
| 040 | _coclc | ||
| 082 |
_a400 _bTHO/L |
||
| 100 |
_aThomson, David _93462 |
||
| 245 | 0 |
_aLanguage / _cDavid Thomson |
|
| 250 | _a1st Ed. | ||
| 260 |
_bTime Life Books, _c1975. _aNew York: |
||
| 300 | _a176p | ||
| 650 | _aHuman Behavior | ||
| 942 |
_cREF _2ddc _h400 _iTHO/L _k400 _mTHO/L |
||